Language Quiz

Random Language or Letter Quiz
Score 0/30 Timer 03:00
0 Plays Today
% Correct
cat
95.7%
chew
95.6%
cake
95.6%
calm
95.4%
chickens
95.2%
call
95.1%
cookie
95%
curiosity
94.8%
court
94.2%
certain
94%
creek
93.9%
cloud
93.5%
cucumber
93.3%
case
93.1%
cold
92.4%
% Correct
crystal
92.4%
company
92.2%
come
92%
crop
92%
cost
91.8%
clean
91.8%
crocodile
91.6%
couch
91.5%
chip
91.4%
cross
90.2%
chord
90.1%
cuts
89.3%
chink
85.6%
crux
83%
champ
81.4%
Remove Ads.
Support Sporcle.
Get the best of Sporcle when you Go Orange. This ad-free experience offers more features, more stats, and more fun while also helping to support Sporcle. Thank you for becoming a member.

You're not logged in!

Compare scores with friends on all Sporcle quizzes.
OR
Log In

Show Comments

Extras

Top Quizzes Today


Score Distribution

Your Account Isn't Verified!

In order to create a playlist on Sporcle, you need to verify the email address you used during registration. Go to your Sporcle Settings to finish the process.

Report this User

Report this user for behavior that violates our Community Guidelines.

Details: